000 00560nam a2200229Ia 4500
003 OSt
005 20220924152554.0
006 a|||||r|||| 00| 0
007 ta
008 220923b |||||||| |||| 00| 0 mar d
024 _a343197
037 _cTextual
040 _aARTS
_cARTS
_bmar
041 _2mar
_amar
082 _aY:431.2.M9, 155B9
100 _aKatti
_9227029
245 0 _aVidhavavapan anachar
260 _c1889
650 _aSOCIOLOGY
942 _hY:431.2.M9, 155B9
_cTEXL
_2CC
999 _c470304
_d470304